000 00899cam a2200289 i 4500
001 18188958
003 EG-ScBUE
005 20240919140819.0
008 140616s2015 gw a f b 001 0 eng d
020 _a9783319050881
040 _aDLC
_beng
_erda
_cDLC
_dDLC
_dEG-ScBUE
082 0 4 _222
_a512.9434
_bBJÖ
100 1 _aBjörck, Åke,
_d1934-
_eauthor.
245 1 0 _aNumerical methods in matrix computations /
_cÅke Björck.
264 1 _aCham :
_bSpringer,
_c[2015]
264 4 _cc2015
300 _axvi, 800 pages :
_billustrations ;
_c24 cm.
336 _2rdacontent
_atext
_btxt
337 _aunmediated
_2rdamedia
_bn
338 _avolume
_bnc
_2rdacarrier
490 0 _aTexts in applied mathematics ;
_v59
504 _aIncludes bibliographical references and index.
650 7 _2BUEsh
_97107
_aMatrices.
653 _bENGELC
_cOctober2016
655 _vReading book
942 _2ddc
_cBB
999 _c22681
_d22653